Catálogo público

Future developments in the genetics improvement of animals / (Record no. 163030)

MARC details
000 -CABECERA
campo de control de longitud fija 00780nam a2200277Ia 4500
001 - NÚMERO DE CONTROL
campo de control Z_64
003 - IDENTIFICADOR DEL NÚMERO DE CONTROL
campo de control CHAP
008 - DATOS DE LONGITUD FIJA--INFORMACIÓN GENERAL
campo de control de longitud fija 220113s1982 xx 000 0 und d
010 ## - NÚMERO DE CONTROL DE LA BIBLIOTECA DEL CONGRESO
Número de control de LC 163030
040 ## - FUENTE DE LA CATALOGACIÓN
Centro/agencia transcriptor CHAP
082 ## - NÚMERO DE LA CLASIFICACIÓN DECIMAL DEWEY
Número de clasificación 636.08 B3
100 ## - ENTRADA PRINCIPAL--NOMBRE DE PERSONA
Nombre de persona Barker, J S F ,ed.
9 (RLIN) 137249
245 ## - MENCIÓN DE TÍTULO
Título Future developments in the genetics improvement of animals /
Mención de responsabilidad, etc. ed. by J. S. F. Barker, Keith Hammond and A. E. McClintock
260 ## - PUBLICACIÓN, DISTRIBUCIÓN, ETC.
Lugar de publicación, distribución, etc. Sydney :
Nombre del editor, distribuidor, etc. Academic Press,
Fecha de publicación, distribución, etc. 1982
300 ## - DESCRIPCIÓN FÍSICA
Extensión 228 p.
440 ## - MENCIÓN DE SERIE/PUNTO DE ACCESO ADICIONAL--TÍTULO
Título
500 ## - NOTA GENERAL
Nota general
503 ## - NOTA DE HISTORIA BIBLIOGRÁFICA (BK CF MU) [OBSOLETO]
Nota de historia bibliográfica 146372, 150579
650 ## - PUNTO DE ACCESO ADICIONAL DE MATERIA--TÉRMINO DE MATERIA
Término de materia o nombre geográfico como elemento de entrada Genética animal I. Hammond, Keith, ed. II. McClintock, A. E., ed. III. t.
9 (RLIN) 137250
901 ## - ELEMENTOS DE DATOS A LOCAL LDA (RLIN)
a 636.08 B3
902 ## - ELEMENTOS DE DATOS B LOCAL, LDB (RLIN)
a A
910 ## - DATOS DE OPCIÓN DEL USUARIO (OCLC)
Datos de opción del usuario 1982
942 ## - ELEMENTOS DE PUNTO DE ACCESO ADICIONAL (KOHA)
Tipo de ítem Koha Libro_
942 ## - ELEMENTOS DE PUNTO DE ACCESO ADICIONAL (KOHA)
Tipo de ítem Koha
Holdings
Estado de retiro Estado de pérdida Fuente del sistema de clasificación o colocación Estado dañado No para préstamo Código de colección Localización permanente Ubicación/localización actual Ubicación en estantería Fecha de adquisición Código de barras Fecha visto por última vez Número de copia Precio válido a partir de Tipo de ítem Koha
    Dewey Decimal Classification     General Zootecnia Zootecnia   09/11/2005 z_0395 18/01/2022 1 18/01/2022 Libro
    Dewey Decimal Classification     General Zootecnia Zootecnia   09/11/2005 z_0583 18/01/2022 1 18/01/2022 Libro